| 000 | 00445nam a22001457a 4500 | ||
|---|---|---|---|
| 003 | OSt | ||
| 005 | 20150905113458.0 | ||
| 008 | 150905b xxu||||| |||| 00| 0 eng d | ||
| 040 | _cRUA | ||
| 082 | _aAGR អ៊ុក 192 BOO3 Or.1 | ||
| 100 |
_918 _aអ៊ុក បូរ៉ា |
||
| 245 | _aបែបផែន នៃការធ្វើអាជីវកម្មដំណាំ កៅស៊ូ | ||
| 300 |
_a100p. _bill. _c29cm. |
||
| 942 |
_2ddc _cAGR |
||
| 999 |
_c18 _d18 |
||